Selecciones que han ganado la Eurocopa - Estadísticas

Estadísticas generales
  • Esta prueba ha sido intentada 1.181 veces
    1.167 desde el último reinicio
  • La puntuación promedio es 9 de 10
Estadísticas de respuestas
Nº Eurocopas ganadas Selección % Correcto
3 España
100%
3 Alemania
99%
2 Francia
98%
1 Italia
95%
1 Portugal
93%
1 Grecia
83%
1 Países Bajos
80%
1 Rusia
78%
1 Dinamarca
70%
1 República Checa
57%
No se encontraron pruebas coincidentes
Distribución de puntuación
Porcentaje de gente con cada puntuación
Porcentaje por número respondido
Historial de tus puntuaciones
No has intentado esta prueba desde el último reinicio